| 000 | 00508nam a2200157 a 4500 | ||
|---|---|---|---|
| 001 | 000029094 | ||
| 005 | 20200930055328.0 | ||
| 008 | 110413s1997 dr 000 0 spa d | ||
| 040 |
_aDO-SdBNP _bspa _cBNPHU |
||
| 100 | 1 |
_aSánchez, Angel Salvador _930863 |
|
| 245 | 1 | 4 |
_aLas drogas, los adictos y educación curativa : _bprevención y solución / _cSánchez Angel Salvador. |
| 260 |
_a[Santo Domingo] : _bEditora Alfau, _c1997. |
||
| 300 |
_a59 p. ; _c21 cm. |
||
| 504 | _aBibliografía: p. 59 | ||
| 049 | _aBNPD | ||
| 999 |
_c28586 _d28586 |
||